| 000 | 00959nam a2200301Ic 4500 | ||
|---|---|---|---|
| 001 | 59017 | ||
| 003 | CO-BoRNBP | ||
| 005 | 20250902143716.0 | ||
| 007 | ta | ||
| 008 | 160315s2008 ck g 000 1 spa | ||
| 020 | _a9589760295 | ||
| 040 |
_aCO-BoRNBP _bspa _erda _cCO-BoRNBP |
||
| 041 | _aspa | ||
| 084 | _aA | ||
| 100 |
_aBolaños, María Paula _eaut _934660 |
||
| 245 | 1 | 0 |
_aRana / _chistoria e ilustraciones de María Paula Bolaños. |
| 250 | _a2a. ediciones | ||
| 264 | 1 |
_aBogotá, Colombia : _bBabel, _c2008 |
|
| 300 |
_a18 páginas : _bilustraciones en color |
||
| 336 |
_atexto _btxt _2rdacontent |
||
| 337 |
_asin mediación _bn _2rdamedia |
||
| 338 |
_avolumen _bnc _2rdacarrier |
||
| 650 | 0 | 4 |
_aÁlbumes infantiles colombianos _ySiglo XX _2LEMB _91018 |
| 650 | 0 | 7 |
_aMascotas en la litertaura _2lemb _960224 |
| 650 | 0 | 7 |
_aRanas en la literatura _2lemb _960463 |
| 650 | 0 | 4 |
_aLiteratura infantil colombiana _ySiglo XX _2LEMB _9364 |
| 942 |
_2loc _cBKINF |
||
| 999 |
_c59017 _d59017 |
||